Sports Quiz

Random Sports or Football Quiz
Score 0/86 Timer 20:00
15 Plays Today
Poste Joueur % Correct
B - MilieuIbrahim Ba
96.5%
GardienFabien Barthez
95.5%
H - AttaquantThierry Henry
93.9%
DéfenseurBixente Lizarazu
90.8%
AttaquantDavid Trezeguet
90.6%
DéfenseurLaurent Blanc
90.2%
T - DéfenseurLilian Thuram
89.8%
MilieuFranck Ribéry
85.3%
MilieuDidier Deschamps
84.8%
DéfenseurMarcel Desailly
83.7%
MilieuEmmanuel Petit
83.1%
GardienBernard Lama
82.6%
AttaquantChristophe Dugarry
80.3%
V - MilieuPatrick Vieira
79.6%
AttaquantStéphane Guivarc’h
77%
W - AttaquantSylvain Wiltord
75.7%
MilieuClaude Makelele
75.2%
GardirnGrégory Coupet
74.7%
MilieuRobert Pires
73.7%
AttaquantNicolas Anelka
73.3%
S - DéfenseurWilly Sagnol
73.2%
DéfenseurFrank Leboeuf
73.1%
MilieuYouri Djorkaeff
73.1%
MilieuChristian Karembeu
66%
MilieuFlorent Malouda
62.2%
A - DéfenseurEric Abidal
62.1%
C - DéfenseurVincent Candela
61.2%
GardienLionel Charbonnier
60%
AttaquantDjibril Cissé
59.6%
Poste Joueur % Correct
G - AttaquantWilliam Gallas
58.7%
AttaquantEric Cantona
58.5%
AttaquantSidney Govou
53%
MilieuAlou Diarra
52%
MilieuAlain Boghossian
50.8%
MilieuBernard Diomède
50.1%
R - GardienUlrich Ramé
44.2%
AttaquantDavid Ginola
43.5%
MilieuJohan Micoud
42.5%
DéfenseurJean-Alain Boumsong
41.7%
DéfenseurPhilippe Mexès
40.2%
MilieuJérôme Rothen
38.4%
GardienLionel Letizi
38.4%
MilieuLudovic Giuly
37.1%
DéfenseurJocelyn Angloma
36.8%
DéfenseurEric Di Méco
36.4%
AttaquantLouis Saha
34%
AttaquantPatrice Loko
31.6%
DéfenseurMikaël Silvestre
29.8%
DéfenseurSébastien Squillaci
29.7%
DéfenseurAnthony Réveillère
28.6%
MilieuReynald Pedros
28%
MilieuSabri Lamouchi
27.3%
P - MilieuBenoît Pedretti
27.3%
MilieuVincent Guérin
26.4%
MilieuVikash Dhorasoo
26%
MilieuEric Carrière
25.7%
L - MilieuPierre Laigle
25.4%
DéfenseurPhilippe Christanval
23.9%
Poste Joueur % Correct
O - AttaquantNicolas Ouédec
23.2%
AttaquantLilian Laslandes
22.9%
DéfenseurAlain Roche
22%
AttaquantTony Vairelles
21.8%
D - MilieuOlivier Dacourt
21.8%
MilieuCorentin Martins
21.3%
DéfenseurPaul Le Guen
20.7%
DéfenseurMartin Djetou
19.9%
DéfenseurBernard Mendy
19.8%
AttaquantFlorian Maurice
19%
AttaquantSteve Marlet
18.1%
K - MilieuOlivier Kapo
17.5%
GardienStéphane Porato
17.5%
M - AttaquantMickaël Madar
15.7%
J - DéfenseurFranck Jurietti
15.2%
AttaquantPeguy Luyindula
14.9%
DéfenseurFrédéric Déhu
14.6%
AttaquantCyrille Pouget
11.3%
MilieuLaurent Robert
10.7%
N - DéfenseurBruno Ngotty
10.7%
MilieuBruno Cheyrou
10.6%
AttaquantChristophe Cocard
10.3%
MilieuMarc Keller
9.9%
DéfenseurJérémie Bréchet
9%
MilieuFranck Gava
8.2%
DéfenseurAlain Goma
7%
F - MilieuJean-Michel Ferri
6.6%
DéfenseurPatrick Blondeau
6%
Remove Ads.
Support Sporcle.
Get the best of Sporcle when you Go Orange. This ad-free experience offers more features, more stats, and more fun while also helping to support Sporcle. Thank you for becoming a member.

You're not logged in!

Compare scores with friends on all Sporcle quizzes.
OR
Log In

Sporcle TV

Today on Sporcle TV


Watch our educational content, quiz creation guides, and fun videos on Sporcle TV.

Show Comments

Extras

Created Jun 25, 2020ReportNominate
Tags:Football Quiz

Top Quizzes Today


Score Distribution

Paid Content

Your Account Isn't Verified!

In order to create a playlist on Sporcle, you need to verify the email address you used during registration. Go to your Sporcle Settings to finish the process.

Report this User

Report this user for behavior that violates our Community Guidelines.

Details: